Villes de Seine-Maritime en images - Statistiques

Statistiques générales
  • Ce quiz a été pris 128 fois
  • Le résultat moyen est 10 sur 18
Statistiques - réponses
Par images Hint Réponse % Correct
E Etretat
99%
R Rouen
98%
(L) H Le Havre
97%
D Dieppe
86%
F Fécamp
83%
Y Yvetot
78%
T Tancarville
67%
(L) T Le Tréport
56%
J Jumièges
52%
B Barentin
48%
V Veules-les-Roses
43%
S-A Sainte-Adresse
33%
Y Yport
32%
C Caudebec-en-Caux
29%
L Lillebonne
28%
N Neufchâtel-en-Bray
27%
A Allouville-Bellefosse
24%
V Varengeville-sur-Mer
21%
Aucun quiz correspondant
Distribution des résultats
% des personnes avec chaque résultat
Percentile par nombre de réponses
Votre historique - résultats
Vous n’avez pas pris ce quiz